| 000 | 00725cai a22001815a 4500 | ||
|---|---|---|---|
| 001 | E151966 | ||
| 008 | 110117u2011 xxk g 000 0 eng d | ||
| 035 | _a(Sirsi) u151966 | ||
| 041 | 0 | _aeng | |
| 110 | 2 |
_aEuropean Commission _92292 |
|
| 245 | 0 | 4 |
_aThe European construction sector _h[electronic resource] |
| 520 | _aSection of the EC's website which deals with construction. Has links to sections on Eurocodes, construction products, sustainable construction, competitiveness and other policies. | ||
| 590 | _aKA | ||
| 651 | 4 | _aEurope | |
| 690 | _aBUILT ENVIRONMENT | ||
| 856 | 4 | 0 |
_uhttps://ec.europa.eu/enterprise/sectors/construction/index_en.htm _zView the website free of charge at http://ec.europa.eu2 |
| 942 | _n0 | ||
| 999 |
_c120890 _d120890 |
||